Biospeleology of the somaliland amblypygi (arachnida, chelicerata) of the caves of showli berdi and mugdile (bardera, somaliland). (Registro nro. 20626)

Detalles MARC
000 -CABECERA
Campo de control 00835nam a22002297a 4500
005 - FECHA Y HORA DE LA ULTIMA TRANSACCION
Campo de control 20191209045102.0
008 - ELEMENTOS DE LONGITUD FIJA—INFORMACION GENERAL
Campo de control 191209b xxu||||| |||| 00| 0 spa d
040 ## - FUENTE DE CATALOGACIÓN
Agencia catalogadora original CO-BoIAVH
Agencia transcriptora CO-BoIAVH
041 ## - IDIOMA
Código de idioma para texto/pista de sonido o título separado Inglés
044 ## - PAÍS DE PUBLICACIÓN
País de publicación Italia
082 ## - NUMERO DE CLASIFICACION DECIMAL DEWEY
Número de clasificación 614.433
Número del ítem D38b
100 ## - ASIENTO PRINCIPAL--NOMBRE PERSONAL
9 (RLIN) 102082
Nombre personal Delle Cave, Laura
245 ## - MENCION DE TITULO
Título Biospeleology of the somaliland amblypygi (arachnida, chelicerata) of the caves of showli berdi and mugdile (bardera, somaliland).
260 ## - PUBLICACION, DISTRIBUCION, ETC. (PIE DE IMPRENTA)
Lugar de publicación, distribución, etc. Florencia:
Nombre del editor, distribuidor, etc. Instituto Experimental de Zoología Agrícola de Florencia,
Fecha de publicación, distribución, etc. 1986.
300 ## - DESCRIPCION FISICA
Extensión 170 Páginas:
Otros detalles físicos ilustración y mapa,
Dimensiones 25 x 17 cm.
500 ## - NOTA GENERAL
Nota general Incluye referencias bibliográficas.
650 #0 - ASIENTO SECUNDARIO DE MATERIA - TERMINO TEMATICO
9 (RLIN) 9369
Término temático o nombre geográfico como elemento de entrada Arácnidos
650 #0 - ASIENTO SECUNDARIO DE MATERIA - TERMINO TEMATICO
9 (RLIN) 3588
Término temático o nombre geográfico como elemento de entrada Taxonomía
650 #0 - ASIENTO SECUNDARIO DE MATERIA - TERMINO TEMATICO
9 (RLIN) 10989
Término temático o nombre geográfico como elemento de entrada Investigación científica
650 #0 - ASIENTO SECUNDARIO DE MATERIA - TERMINO TEMATICO
9 (RLIN) 62781
Término temático o nombre geográfico como elemento de entrada Especímenes
Subdivisión general Estudio
942 ## - ELEMENTOS ADICIONALES (KOHA)
Sistema de clasificación Dewey Decimal Classification
Tipo de ítem Libro
Existencias
Withdrawn status Lost status Sistema de Clasificación Damaged status No para préstamo Colección Ubicación Permanente Ubicación actual Fecha de adquisición Total Checkouts Número topográfico Inventario / Código de Barras Date last seen Ejemplar Price effective from Forma de adquisición Tipo de material
    Dewey Decimal Classification     General Bogotá Bogotá 09/12/2019   LB-614.433 D38b 059816 09/12/2019 Ej.1 09/12/2019 Canje Libro